000 00667nam a2200193Ia 4500
005 20260429112245.0
008 260429s9999||||xx |||||||||||||| ||und||
020 _a9788126720958
041 _aHindi
082 _a320.54
_bGAN
100 _aगांधी, मोहनदास करमचंद
245 0 _aसत्य के मेरे प्रयोग /
_cमोहनदास करमचंद गांधी
250 _a6th ed.
260 _aनई दिल्ली :
_bराजकमल प्रकाशन,
_c2024.
300 _a367 p.; Hb
650 _aAutobiography 
700 _a प्रकाश, सूरज
942 _cTB
999 _c53156
_d53156